Tenencia de la tierra y desarrollo rural en Centroamérica /
Presenta una identificación de los principales problemas relacionados con la tenencia y estructura agraria de los países centroamericanos. Analiza los factores de la producción y su relación con la tenencia de la tierra, su distribución y el desarrollo económico, las relaciones humanas y sociales co...
Na minha lista:
| Autor Corporativo: | |
|---|---|
| Formato: | Texto |
| Idioma: | Spanish |
| Publicado em: |
Tegucigalpa:
INA ;
1975
|
| Assuntos: | |
| Tags: |
Adicionar Tag
Sem tags, seja o primeiro a adicionar uma tag!
|
MARC
| LEADER | 00000 a a2200000 04500 | ||
|---|---|---|---|
| 001 | 19524 | ||
| 003 | cru IIS | ||
| 005 | 20220106092532.0 | ||
| 008 | 220106b1975 ho ||||| |||| 00| 0 spa d | ||
| 020 | |a [sin ISBN] | ||
| 040 | |a Centro de Recursos para el Aprendizaje y la Investigación |b español |c cru IIS | ||
| 090 | |a 07.02.01 I59t | ||
| 110 | |a Instituto Nacional Agrario | ||
| 245 | |a Tenencia de la tierra y desarrollo rural en Centroamérica / |c Instituto Nacional Agrario, INA | ||
| 260 | |a Tegucigalpa: |b INA ; |c 1975 | ||
| 300 | |a 342 páginas | ||
| 500 | |a Colección Centroamérica | ||
| 520 | |a Presenta una identificación de los principales problemas relacionados con la tenencia y estructura agraria de los países centroamericanos. Analiza los factores de la producción y su relación con la tenencia de la tierra, su distribución y el desarrollo económico, las relaciones humanas y sociales con las formas de tenencia de la tierra y la presión demográfica, incluye aspectos globales sobre las políticas nacionales de reforma agraria, operancia, inoperancia y obstáculos que se presentan, reenumera conclusiones ligadas con los objetivos generales de las políticas agrarias | ||
| 650 | |a TENENCIA DE LA TIERRA |0 TESAUROS | ||
| 650 | |a ESTRUCTURA AGRARIA |0 TESAUROS | ||
| 650 | |a ESTRUCTURA SOCIAL |0 TESAUROS | ||
| 650 | |a DESARROLLO RURAL |0 TESAUROS | ||
| 852 | 1 | 1 | |a 07.02.01 I59t |
| 942 | |2 ddc |c LI |h 07.02.01 I59t |k 07.02.01 |m I59t |6 070201_I59T | ||
| 999 | |c 14028 |d 14028 | ||
